000 01229nam a2200229Ia 4500
001 L208-3810
003 IT-CnALBA
008 170116s9999||||xx |||||||||||||| ||und||
040 _aIT-CnALBA
_cIT-CnALBA
041 _aITALIANO
100 _aAA. VV.
245 0 _aTESTI MARIANI DEL PRIMO MILLENNIO. VOL. I. PADRI E ALTRI AUTORI GRECI.
250 _a1a ed.
260 _a ROMA
_bCITTÀ NUOVA EDITRICE
_c1988 [1° Ed.:1988 - Ed.Ling.Originale: 1988]
300 _a988 p.
500 _aPADRI E ALTRI AUTORI GRECI. CURATORI GEORGESCHARIB, ERMANNO TONIOLO, LUIGI GAMBERO, GERARDO DI NOLA. INDICI: BIBLIOCO, AUTORI E PERSONAGGI ANTICHI, AUTORI MODERNI, INDICE ANALITICO, INTRODUZIONI. TESTI BIBLICI MARIANI DEI PADRI. TESTI MARIANI DEI PADRI E
501 _aSocietà San Paolo EM - Piazza San Paolo, 14 - 12051 ALBA (CN) (non commercial uses only) ® Copyright 2017
520 _aPADRI E ALTRI AUTORI GRECI. CURATORI GEORGESCHARIB, ERMANNO TONIOLO, LUIGI GAMBERO, GERARDO DI NOLA. INDICI: BIBLIOCO, AUTORI E PERSONAGGI ANTICHI, AUTORI MODERNI, INDICE ANALITICO, INTRODUZIONI. TESTI BIBLICI MARIANI DEI PADRI. TESTI MARIANI DEI PADRI E
650 _aPADRI E SCRITTORI ECCLESIASTICI
942 _cBK
957 _71
999 _a4788
_bNO
_g Copie: 1
_c262996
_d262996